| 000 | 00826cam a22002411a 4500 | ||
|---|---|---|---|
| 001 | l 54000137 | ||
| 003 | DLC | ||
| 005 | 20260227111544.0 | ||
| 008 | 850410s1954 dcua f000 0 eng | ||
| 010 | _al 54000137 | ||
| 035 | _a(OCoLC)11901013 | ||
| 040 |
_aDLC _cIMolD _dDLC |
||
| 042 | _apremarc | ||
| 050 | 0 | 0 |
_aHD8051 _b.A7876 no. 13 |
| 100 | 1 | _aPearle, Lester I. | |
| 245 | 1 | 0 |
_aCase study data on productivity and factory performance. _pCombines (harvesters-threshers) |
| 260 |
_a[Washington : _bU.S. Govt. Print. Off.] _c1954. |
||
| 300 |
_avi, 159 p. : _bill. ; _c26 cm. |
||
| 650 | 0 |
_aLabor productivity _zUnited States. |
|
| 650 | 0 | _aCombines (Agricultural machinery) | |
| 700 | 1 | _aMiller, Stanley F. | |
| 710 | 1 |
_aUnited States. _bForeign Operations Administration. _bIndustrial Technical Assistance Division. |
|
| 999 |
_c36852 _d36852 |
||